| 000 | 00471nam a2200169 i 4500 | ||
|---|---|---|---|
| 001 | 56669 | ||
| 003 | ES-MaACL | ||
| 005 | 20230906163424.0 | ||
| 007 | t| | ||
| 008 | 031010s1978 sp ||||1| spa d | ||
| 245 | 0 | 0 |
_aDiodos equivalencias _b: ; Diodos de zener, tiristores, triacs. |
| 250 | _a2ยช ed. | ||
| 260 |
_aMadrid : _bParaninfo, _c1978. |
||
| 300 |
_a172 p. ; _c17 cm. |
||
| 740 | 0 | _aDiodos de zener, tiristores, triacs. | |
| 852 |
_aES-MaACL _jA-8602 _bR.97600 |
||
| 999 |
_c56669 _d56669 |
||